Kraje, które mają flagę panafrykańską - Statystyki

Ogólne statystyki
  • Ten quiz został rozwiązany 8 razy
  • Średni wynik to 13 z 14
Statystyki odpowiedzi
Obrazkowy Odpowiedź % Poprawnych
Burkina Faso
100%
Etiopia
100%
Ghana
100%
Kenia
100%
Malawi
100%
Mali
100%
Senegal
100%
Sudan Południowy
100%
Gwinea
88%
Kamerun
88%
Mozambik
88%
Zambia
88%
Zimbabwe
88%
Benin
75%
Nie znaleziono quizów pasujących do podanych kryteriów
Rozkład punktacji
Procent ludzi z każdym wynikiem
Percentyl według liczby udzielonych odpowiedzi
Twoja historia wyników
Nie rozwiązałeś tego quizu